00494nam a22001577a 450000500170000000800410001702000150005804100130007308200150008610000280010124500830012925000190021226000470023130000320027865000260031020231114130549.0231114b |||||||| |||| 00| 0 eng d a0702107921 aEnglish  a344.6 MCK  aMcKenzie, HS lEnglish  aThe Law of Building Contracts and Arbitration in South Africa / cHS McKenzie  aThird Edition  aCape Town : bJuta and Company Ltd, c1977 bxxix, 281 pages ; c26 cm.  aLegal practice bLaw